Statistiques concernant Harry Potter: 7, le chiffre le plus puissant

Cliquez ici pour prendre le quiz!

Statistiques générales

  • Ce quiz a été pris 315 fois
  • Le résultat moyen est 5 sur 15

Statistiques - réponses

InformationRéponses% Correct
Première apparitionHarry Potter à l'école des sorciers
82%
Dernière apparitionHarry Potter et les Reliques de la Mort
81%
Groupe de 7 connuHorcruxes de Voldemort
81%
Groupe de 7 connuEnfants Weasley
58%
Groupe de 7 connuJoueurs de Quidditch dans une équipe
50%
Groupe de 7 connuLivres de Gilderoy Lockhart
48%
Groupe de 7 connuAnnées d'étude à Poudlard
42%
Groupe de 7 connuMatières obligatoires à Poudlard
30%
Groupe de 7 connuEtages à Poudlard
14%
Groupe de 7 connuPassages secrets à Poudlard
6%
Groupe de 7 connuSerrures dans le coffre d'Alastor Maugrey
4%
Groupe de 7 connuCombats entre Harry et Voldemort
2%
Groupe de 7 connuMoldus voyant la Ford Anglia volante
2%
Groupe de 7 connuNés Moldus pétrifiés par le Basilic
1%
Groupe de 7 connuPaires de chaussettes de Dobby
1%

Distribution des résultats

Percentile par nombre de réponses

% des personnes avec chaque résultat

Votre développement - résultats

Vous n’avez pas pris ce quiz